000
00302nam a2200133Ia 4500
008
231129s1920||||xx |||||||||||||| ||spa||
040
_b
spa
082
_a
923.2 H675m
100
_a
Hitler Adolfo
245
0
_a
Mi lucha
260
_c
1920
264
_a
[s.l.] : Ediciones modernas
942
_2
ddc
_c
BKS
999
_c
21116
_d
21116